000 01420cas a22002295a 4500
001 L137807
008 110901c2006 xxkar ws ss 000 00eng d
035 _a(Sirsi) u137807
041 0 _aeng
110 2 _aJones Lang LaSalle
_93755
245 0 0 _aRetail park OSCAR
_bservice charge analysis for retail parks
_h[electronic resource]
260 _aLondon
_bJLL $2 006-
362 0 _a2006-
520 _aJones Lang LaSalle's Retail Park OSCAR offers research on reconciled service charge costs and service charge budgets. Discusses service charge expenditure, identifies common influences on expenditure levels and provides comparative rates and benchmarking. The analysis adopts the expenditure codes from the RICS Code of Practice - Service Charges in Commercial Property, as these are widely adopted by the property industry. Note: Retail Park OSCAR 2008 uploaded 16/11/2009; Retail Park OSCAR 2007 uploaded 01/05/2008, and Retail Park OSCAR 2006 uploaded 05/05/2006.
554 _aAnnual
590 _aKA
651 4 _aUnited Kingdom
_y
690 _aPROPERTY-COMMERCIAL PROPERTY-LEASEHOLD COMMERCIAL PROPERTY-COMMERCIAL LANDLORD AND TENANT-COMMERCIAL SERVICE CHARGES
690 _aPROPERTY-COMMERCIAL PROPERTY-COMMERCIAL PROPERTY MARKET
856 4 0 _uhttps://www.joneslanglasalle.co.uk/UnitedKingdom/EN-GB/Pages/ResearchFilter.aspx
_zView the item free of charge at www.joneslanglasalle.co.uk
942 _n0
999 _c118916
_d118916